00602nam a2200205Ia 4500003000400000005001700004008004100021020001500062040001800077041000800095082002000103100002100123245007800144250000600222260004400228300002800272650003300300650004000333650002300373OSt20260121144527.0210716s2002 xx 000 0 und d a8178086425 cAIMIT LIBRARY aeng a006.6223bUFFJ aUffenbeck, John. a80*86 family : bdesign programming and interfacing /cBy John Uffenbeck. a3 aNew Delhi :bPearson Education ,c2002. aix,678p. ;bPBc24.5 cm a80*86 processor architecture aMemory chips and memory interfacing aData communication